Legitimidad de los colegios de un solo sexo y de su derecho a concierto en condiciones de igualdad
Salvato in:
| Autori principali: | , , , |
|---|---|
| Natura: | Libro |
| Lingua: | spagnolo |
| Pubblicazione: |
Madrid
Iustel
2015
|
| Edizione: | 1a. ed |
| Serie: | Monografías
|
| Soggetti: | |
| Tags: |
Aggiungi Tag
Nessun Tag, puoi essere il primo ad aggiungerne!!
|
MARC
| LEADER | 00000cam a2200000 a 4500 | ||
|---|---|---|---|
| 001 | UCC9090 | ||
| 003 | CL-VaPUC | ||
| 008 | 190904e20150000sp |||||||||||||||||spa|d | ||
| 020 | |a 9788498902730 | ||
| 082 | 0 | 4 | |a 371.9 |b MAR |2 21 |
| 100 | |a Martínez López-Muñiz, José Luis |e autor |9 603915 | ||
| 700 | 0 | |a Calvo Charro, María |e author |9 603916 | |
| 700 | |a González-Varas Ibáñez, Alejandro |e author |9 603917 | ||
| 700 | 0 | |a Mozos Touya, Isabel María de los |e author |9 603918 | |
| 245 | 1 | 0 | |a Legitimidad de los colegios de un solo sexo y de su derecho a concierto en condiciones de igualdad |
| 250 | |a 1a. ed | ||
| 300 | |a 378 p | ||
| 942 | |c BK | ||
| 945 | |d 20190904 15:40:00 |a dcastane | ||
| 260 | |a Madrid |b Iustel |c 2015 | ||
| 650 | 0 | |a Integración escolar |9 312238 | |
| 650 | 0 | |a Integración social |9 319662 | |
| 650 | 0 | |a Educación inclusiva |9 560584 | |
| 583 | |a last modification |c 20190904 15:40:00 |k Rodrigo Vera | ||
| 490 | 0 | |a Monografías | |
| 999 | |c 375284 |d 375282 | ||
| 952 | |0 0 |1 0 |3 erb |4 0 |6 371_900000000000000_MAR_2015 |7 0 |8 WP_COW |9 561231 |a BIBDER |b BIBDER |e Fundación W and P Cowley |i 5598419 |o 371.9 MAR 2015 |p 5598419 |r 2023-01-25 |w 2020-03-12 |y BK |z Catalogado en:20190904 |k WPC | ||